000 00492nam a2200181Ia 4500
005 20250508162027.0
008 008 250505s9999 xx 000 0 hin d
037 _aTextual
040 _aFEDL
_beng
_cFEDL
041 _ahin
_2hin
084 _aFH, SIN
_qFEDL
100 _aSiddhantalankar Nidhi
_9772091
245 0 _aShivalak ki ghatiyo mein
260 _aDelhi, India
_bAtma Ram and Sons
_c1953
300 _a239p.
942 _cTEXL
_hFH, SIN
999 _c1373916
_d1373916